| 000 | 00902nam a2200205 a 4500 | ||
|---|---|---|---|
| 005 | 20240924065902.0 | ||
| 008 | 991125s1994 mx 000 0 spa u | ||
| 035 | _aUPN01000004621 | ||
| 049 | _aF | ||
| 050 | 4 |
_aLB5 _bD54 no.27 |
|
| 100 | 1 |
_aIbarrola Nicolín, María de _928556 |
|
| 245 | 1 | 3 |
_aLa articulación entre la escuela técnica de nivel medio y el mundo del trabajo en México. Espacios vacios de la gestión educativa / _cMaría de Ibarrola. |
| 260 |
_aMéxico : _bIPN, Centro de Investigación y de Estudios Avanzados, _c1994. |
||
| 300 | _a26 p | ||
| 440 | 0 |
_aDocumento DIE ; _v27 |
|
| 500 | _a"Trabajo presentado en el seminario de educación y trabajo : desafíos y perspectivas de investigación y políticas enla década de los noventa. Buenos Aires, 2-5 de julio de 1995" | ||
| 650 | 4 |
_aEnseñanza técnica _zMéxico _97386 |
|
| 650 | 4 |
_aINDUSTRIA Y EDUCACION _95953 |
|
| 905 | _aLibro | ||
| 999 |
_c4621 _d4621 |
||